[Event "Madrid-chT 1415"]
[Site "Madrid"]
[Date "2015.03.08"]
[Round "13.1"]
[White "Cabanas Jimenez, Andres"]
[Black "Garcia Ruido, Ricardo"]
[Result "1-0"]
[WhiteElo "2212"]
[BlackElo "2053"]
[PlyCount "67"]
[EventDate "2014.11.23"]
[EventType "team-tourn"]
[EventRounds "14"]
[EventCountry "ESP"]
[SourceTitle "EXT 2016"]
[Source "ChessBase"]
[SourceDate "2015.10.08"]
[SourceVersion "1"]
[SourceVersionDate "2015.10.08"]
[SourceQuality "1"]
[WhiteTeam "Villalba 64"]
[BlackTeam "Moratalaz"]
[WhiteTeamCountry "ESP"]
[BlackTeamCountry "ESP"]

1. e4 c5 2. Nc3 Nc6 3. g3 g6 4. d3 Bg7 5. Bg2 d6 6. Nh3 e6 7. 0-0 Nge7 8. Be3 0-0 9. f4 Nd4 10. Qd2 Nec6 11. a3 Rb8 12. Rae1 b5 13. e5 dxe5 14. Bxc6 Nxc6 15. Bxc5 exf4 16. Bxf8 Bd4+ 17. Kh1 Qxf8 18. Nxf4 Qh6 19. Ne4 Bxb2 20. c3 Bxa3 21. Nf6+ Kh8 22. Qf2 Bb7 23. Kg1 Bd6 24. Ne4 Bc7 25. Nc5 Bb6 26. d4 Bxc5 27. dxc5 Qg5 28. Nd3 Nd8 29. Ne5 f5 30. Rd1 Kg8 31. h4 Qe7 32. Rd7 Qe8 33. Qd4 Bd5 34. Ng4 1-0

[Event "Madrid-chT 1415"]
[Site "Madrid"]
[Date "2014.11.30"]
[Round "2.1"]
[White "Garcia Ruido, Ricardo"]
[Black "Congiu, Mathilde"]
[Result "0-1"]
[WhiteElo "2053"]
[BlackElo "2317"]
[PlyCount "84"]
[EventDate "2014.11.23"]
[EventType "team-tourn"]
[EventRounds "14"]
[EventCountry "ESP"]
[SourceTitle "EXT 2016"]
[Source "ChessBase"]
[SourceDate "2015.10.08"]
[SourceVersion "1"]
[SourceVersionDate "2015.10.08"]
[SourceQuality "1"]
[WhiteTeam "Moratalaz"]
[BlackTeam "Virgen de Atocha"]
[WhiteTeamCountry "ESP"]
[BlackTeamCountry "ESP"]

1. e4 c5 2. Nf3 d6 3. d4 cxd4 4. Nxd4 Nf6 5. Nc3 a6 6. h3 e5 7. Nde2 h5 8. Bg5 Be7 9. Ng3 h4 10. Nf5 Bxf5 11. exf5 Nbd7 12. Bc4 Qa5 13. Bxf6 Nxf6 14. Bd5 Rc8 15. Bxb7 Rc7 16. Bf3 e4 17. Bg4 0-0 18. 0-0 Rb8 19. Qd4 Rb4 20. Qe3 d5 21. Ne2 Rxb2 22. Nd4 Qa3 23. Rfb1 Bd6 24. Qxa3 Bxa3 25. Bd1 Nd7 26. Nb3 Nb6 27. Rxb2 Bxb2 28. Rb1 Na4 29. Be2 Rc6 30. Kf1 Be5 31. Rd1 Nc3 32. Rd2 Bf4 33. Rd4 Nxe2 34. Kxe2 Rxc2+ 35. Kf1 Rxa2 36. Rxd5 Rb2 37. Nc5 Rb1+ 38. Ke2 Rb2+ 39. Kf1 e3 40. fxe3 Bg3 41. Nxa6 Rf2+ 42. Kg1 Ra2 0-1

[Event "Madrid San Viator op 23rd"]
[Site "Madrid"]
[Date "2014.11.09"]
[Round "7"]
[White "Garcia Ruido, Ricardo"]
[Black "Martinez, Derlis Melchor"]
[Result "1-0"]
[WhiteElo "2063"]
[BlackElo "1760"]
[PlyCount "85"]
[EventDate "2014.09.28"]
[EventType "swiss"]
[EventRounds "9"]
[EventCountry "ESP"]
[SourceTitle "EXT 2016"]
[Source "ChessBase"]
[SourceDate "2015.10.08"]
[SourceVersion "1"]
[SourceVersionDate "2015.10.08"]
[SourceQuality "1"]

1. d4 Nf6 2. c4 e6 3. Nf3 b6 4. a3 Bb7 5. Nc3 Be7 6. d5 0-0 7. e4 exd5 8. cxd5 Re8 9. Bd3 c6 10. 0-0 cxd5 11. exd5 d6 12. Re1 Na6 13. Bb5 Nd7 14. Nd4 Nc7 15. Bc6 Qc8 16. Nf5 Bf8 17. Rxe8 Nxe8 18. Nh6+ gxh6 19. Qg4+ Ng7 20. Bxd7 Qd8 21. Bxh6 Bc8 22. Bxc8 Rxc8 23. Re1 f5 24. Qf3 Qd7 25. g3 Re8 26. Rd1 Re7 27. Ne2 Qe8 28. Be3 Qb5 29. Rd2 Re5 30. Kg2 Qc4 31. h4 Re4 32. h5 Rg4 33. h6 Nh5 34. Qxf5 Qe4+ 35. Qxe4 Rxe4 36. Nd4 Nxg3 37. Kxg3 Be7 38. Rc2 Bf6 39. Rc8+ Kf7 40. Nb5 Be5+ 41. Kf3 a6 42. Kxe4 axb5 43. Bd4 1-0

[Event "Tres Cantos op 5th"]
[Site "Tres Cantos"]
[Date "2013.06.21"]
[Round "1"]
[White "Garcia Ruido, Ricardo"]
[Black "Ojosnegros Martin, Angel"]
[Result "1-0"]
[WhiteElo "2051"]
[BlackElo "1512"]
[PlyCount "51"]
[EventDate "2013.06.21"]
[EventType "swiss"]
[EventRounds "9"]
[EventCountry "ESP"]
[SourceTitle "EXT 2014"]
[Source "ChessBase"]
[SourceDate "2013.11.20"]
[SourceVersion "1"]
[SourceVersionDate "2013.11.20"]
[SourceQuality "1"]

1. e4 e5 2. Nf3 Nc6 3. Bc4 Bc5 4. c3 Nf6 5. d3 d6 6. Bb3 0-0 7. h3 Be6 8. Bc2 Re8 9. Qe2 d5 10. Nbd2 a6 11. Nf1 Qd7 12. Ng3 dxe4 13. dxe4 Rad8 14. Nh4 b5 15. Bg5 Bc4 16. Qf3 Re6 17. Rd1 Rd6 18. Rxd6 Qxd6 19. Nhf5 Qe6 20. b3 b4 21. bxc4 bxc3 22. 0-0 Qxc4 23. Bxf6 Rd2 24. Bb3 Qd3 25. Qg4 g6 26. Nh6+ 1-0

[Event "Madrid-ch sf-A"]
[Site "Madrid"]
[Date "2011.02.01"]
[Round "8"]
[White "Garcia Ruido, Ricardo"]
[Black "Rodriguez de Castro, Ayar"]
[Result "0-1"]
[WhiteElo "2067"]
[BlackElo "2103"]
[PlyCount "70"]
[EventDate "2011.01.17"]
[EventType "swiss"]
[EventRounds "9"]
[EventCountry "ESP"]
[SourceTitle "CBM 140 Extra"]
[Source "ChessBase"]
[SourceDate "2011.03.01"]
[SourceVersion "1"]
[SourceVersionDate "2011.03.01"]
[SourceQuality "1"]

1. e4 e6 2. d4 d5 3. Nd2 Be7 4. Ngf3 Nf6 5. e5 Nfd7 6. Bd3 c5 7. c3 b6 8. 0-0 Ba6 9. Bxa6 Nxa6 10. Ne1 0-0 11. Qg4 Rc8 12. Ndf3 Kh8 13. Ng5 h6 14. Nxf7+ Rxf7 15. Qxe6 Qe8 16. Qxd5 Nc7 17. Qe4 cxd4 18. cxd4 Nf8 19. Be3 Rd8 20. f3 Nfe6 21. g3 Nxd4 22. Kg2 Nce6 23. Rc1 Nf5 24. Bf2 Bc5 25. Bxc5 Nxc5 26. Qe2 Rfd7 27. Rf2 Rd2 28. Qxd2 Rxd2 29. Rxd2 Qxe5 30. b4 Qe3 31. Rd8+ Kh7 32. Rcd1 Qe2+ 33. Kh3 Ne6 34. R8d2 Ng5+ 35. Kg4 Qe6 0-1

[Event "Madrid-ch sf-A"]
[Site "Madrid"]
[Date "2011.01.25"]
[Round "5"]
[White "Lorenzo Bailador, Alfredo"]
[Black "Garcia Ruido, Ricardo"]
[Result "0-1"]
[WhiteElo "2018"]
[BlackElo "2067"]
[PlyCount "50"]
[EventDate "2011.01.17"]
[EventType "swiss"]
[EventRounds "9"]
[EventCountry "ESP"]
[SourceTitle "CBM 140 Extra"]
[Source "ChessBase"]
[SourceDate "2011.03.01"]
[SourceVersion "1"]
[SourceVersionDate "2011.03.01"]
[SourceQuality "1"]

1. e4 c5 2. c3 Nf6 3. e5 Nd5 4. d4 cxd4 5. Nf3 e6 6. cxd4 b6 7. Bc4 Bb7 8. Bxd5 Bxd5 9. Nc3 Bxf3 10. Qxf3 Nc6 11. Qg4 f5 12. exf6 Qxf6 13. Be3 d5 14. 0-0 0-0-0 15. Rfe1 h6 16. Rac1 Kb7 17. a3 Bd6 18. Rc2 Bb8 19. Rec1 Rc8 20. b4 Rhd8 21. Ne2 Rf8 22. g3 Bd6 23. Kg2 Qf7 24. Bf4 h5 25. Qg5 Be7 0-1

[Event "Madrid Oliver Gonzalez Memorial 1st"]
[Site "Madrid"]
[Date "2010.10.17"]
[Round "9"]
[White "Lozano Sanchez, Jose Antonio"]
[Black "Garcia Ruido, Ricardo"]
[Result "1/2-1/2"]
[WhiteElo "1914"]
[BlackElo "2061"]
[PlyCount "90"]
[EventDate "2010.10.09"]
[EventType "swiss"]
[EventRounds "9"]
[EventCountry "ESP"]
[SourceTitle "CBM 138 Extra"]
[Source "ChessBase"]
[SourceDate "2010.10.29"]
[SourceVersion "1"]
[SourceVersionDate "2010.10.29"]
[SourceQuality "1"]

1. e4 c5 2. Nf3 e6 3. Nc3 a6 4. a4 d6 5. Bc4 Nc6 6. d3 Nf6 7. Bf4 Qc7 8. 0-0 Be7 9. Re1 0-0 10. h3 e5 11. Bd2 Be6 12. Nd5 Bxd5 13. Bxd5 Nxd5 14. exd5 Nb8 15. c4 Nd7 16. Ng5 Bxg5 17. Bxg5 f6 18. Bd2 f5 19. f4 h6 20. Qh5 Kh7 21. Re2 Nf6 22. Qf3 e4 23. dxe4 Nxe4 24. g4 g6 25. gxf5 gxf5 26. Bc3 Rg8+ 27. Kh2 Qf7 28. Rg1 Rxg1 29. Kxg1 Rg8+ 30. Rg2 Rxg2+ 31. Kxg2 Qg6+ 32. Kh2 h5 33. Be1 Kh6 34. Qg2 Qf6 35. Bc3 Nxc3 36. bxc3 Kh7 37. Qf3 Qg6 38. Qg2 Qxg2+ 39. Kxg2 h4 40. Kf3 Kg6 41. Ke3 Kf6 42. Kd3 Ke7 43. Kc2 Kd7 44. Kb3 Kc7 45. a5 b6 1/2-1/2

[Event "Moratalaz op 20th"]
[Site "Madrid"]
[Date "2007.09.15"]
[Round "1"]
[White "Franco Rincon, David"]
[Black "Garcia Ruido, Ricardo"]
[Result "0-1"]
[WhiteElo "1706"]
[BlackElo "2158"]
[PlyCount "66"]
[EventDate "2007.09.15"]
[EventType "swiss"]
[EventRounds "9"]
[EventCountry "ESP"]
[SourceTitle "EXT 2008"]
[Source "ChessBase"]
[SourceDate "2007.11.25"]
[SourceVersion "1"]
[SourceVersionDate "2007.11.25"]
[SourceQuality "1"]

1. e4 g6 2. d4 Bg7 3. Nf3 d6 4. Be2 Nf6 5. Nc3 0-0 6. h3 c6 7. 0-0 Qc7 8. Be3 e5 9. Bc4 b5 10. dxe5 dxe5 11. Bd3 Rd8 12. b4 a5 13. a3 h6 14. Qd2 Kh7 15. Ne2 Nxe4 16. Qe1 Nd6 17. Nc3 axb4 18. Ne4 Nxe4 19. Bxe4 f5 20. Qxb4 fxe4 21. Qxe4 Bf5 22. Qh4 Ra4 23. g4 Qc8 24. Nxe5 Bxe5 25. Qxh6+ Kg8 26. gxf5 Qxf5 27. f4 Bxa1 28. Rxa1 Qh5 29. Qxh5 gxh5 30. Kf2 Rc4 31. Rc1 Kf7 32. c3 Rd3 33. Bd4 Rdxd4 0-1

[Event "Patrimonio op 1st"]
[Site "Alcala de Henares"]
[Date "2006.10.10"]
[Round "4"]
[White "Pogorelov, Ruslan"]
[Black "Garcia Ruido, Ricardo"]
[Result "1-0"]
[WhiteElo "2462"]
[BlackElo "2179"]
[PlyCount "45"]
[EventDate "2006.10.07"]
[EventType "swiss"]
[EventRounds "9"]
[EventCountry "ESP"]
[SourceTitle "CBM 114 Extra"]
[Source "ChessBase"]
[SourceDate "2006.11.03"]
[SourceVersion "1"]
[SourceVersionDate "2006.11.03"]
[SourceQuality "1"]

1. Nf3 d5 2. d4 Nf6 3. c4 c6 4. e3 Bf5 5. Nc3 e6 6. Nh4 Bg6 7. Qb3 Qb6 8. Nxg6 hxg6 9. g3 Nbd7 10. Bg2 Qa6 11. Bf1 Qb6 12. Bd2 Be7 13. Be2 0-0 14. 0-0 dxc4 15. Bxc4 e5 16. dxe5 Qxb3 17. Bxb3 Nxe5 18. f4 Nd3 19. e4 Bc5+ 20. Kg2 Ng4 21. h3 Ne3+ 22. Bxe3 Bxe3 23. Rf3 1-0

[Event "Moratalaz op 19th"]
[Site "Madrid"]
[Date "2006.09.20"]
[Round "3"]
[White "Garcia Ruido, Ricardo"]
[Black "Rodriguez Yague, Fermin"]
[Result "1-0"]
[WhiteElo "2200"]
[BlackElo "1849"]
[PlyCount "93"]
[EventDate "2006.09.18"]
[EventType "swiss"]
[EventRounds "9"]
[EventCountry "ESP"]
[SourceTitle "CBM 114 Extra"]
[Source "ChessBase"]
[SourceDate "2006.11.03"]
[SourceVersion "1"]
[SourceVersionDate "2006.11.03"]
[SourceQuality "1"]

1. e4 c5 2. Nf3 Nc6 3. d4 cxd4 4. Nxd4 d5 5. Bb5 dxe4 6. Nxc6 Qxd1+ 7. Kxd1 a6 8. Nd4+ axb5 9. Nxb5 Bg4+ 10. Ke1 0-0-0 11. N1c3 e5 12. Bd2 Nf6 13. Bg5 Bb4 14. a3 Bxc3+ 15. Nxc3 Rd4 16. h3 Bf5 17. Bxf6 gxf6 18. Ke2 h5 19. Nd1 Rhd8 20. Ne3 Rd2+ 21. Ke1 Be6 22. Rd1 R2d4 23. f3 f5 24. c3 Rd3 25. Rxd3 exd3 26. Kd2 f4 27. Nd1 Bc4 28. Re1 Rd5 29. Nf2 f5 30. Rd1 Kc7 31. Re1 Kd6 32. h4 Bb3 33. Nh3 Bc2 34. Ng5 Rb5 35. b4 Kd5 36. Nh7 Rb6 37. c4+ Ke6 38. Nf8+ Kf7 39. Nd7 Re6 40. Nxe5+ Kg7 41. Nxd3 Rxe1 42. Nxe1 Bb3 43. Kc3 Ba4 44. Nd3 Be8 45. Nxf4 Kf6 46. Kd4 Ke7 47. Ke5 1-0

[Event "Galapagar op 07th"]
[Site "Galapagar"]
[Date "2006.07.24"]
[Round "3"]
[White "Garcia Ruido, Ricardo"]
[Black "Castejon Caballero, Andres"]
[Result "1/2-1/2"]
[WhiteElo "2200"]
[BlackElo "1901"]
[PlyCount "103"]
[EventDate "2006.07.22"]
[EventType "swiss"]
[EventRounds "7"]
[EventCountry "ESP"]
[SourceTitle "EXT 2007"]
[Source "ChessBase"]
[SourceDate "2006.11.23"]
[SourceVersion "1"]
[SourceVersionDate "2006.11.23"]
[SourceQuality "1"]

1. e4 c5 2. Nf3 Nc6 3. d4 cxd4 4. Nxd4 Nf6 5. Nc3 e5 6. Ndb5 d6 7. Bg5 a6 8. Bxf6 gxf6 9. Na3 b5 10. Nd5 f5 11. g3 Bg7 12. exf5 Bxf5 13. Bg2 Rc8 14. c3 0-0 15. Nc2 Bxc2 16. Qxc2 b4 17. Qf5 Re8 18. cxb4 Nxb4 19. Nxb4 Qb6 20. 0-0 Qxb4 21. Bd5 Rc7 22. Rac1 Qb8 23. Rc4 Ree7 24. Rg4 Qc8 25. Qg5 Qf8 26. f4 exf4 27. Rgxf4 Re5 28. Rf5 Rxf5 29. Rxf5 Qe8 30. Rf1 h6 31. Qf5 Qd7 32. Qd3 Qb5 33. Qf3 Qe8 34. b3 Qe7 35. a4 Qe8 36. Qd3 Qe5 37. Kh1 Rc3 38. Bxf7+ Kh8 39. Qf5 Rc1 40. Qxe5 Rxf1+ 41. Kg2 Bxe5 42. Kxf1 a5 43. Kg2 Bc3 44. g4 Kg7 45. Bc4 Bb4 46. Kf3 Bc5 47. Ke4 Bb4 48. Kf5 Bc5 49. h4 Bb4 50. g5 hxg5 51. hxg5 Bc5 52. Bd5 1/2-1/2